MDQL
is popping MORE tags! Check the
thread
!
Quizzes
Events
Quiz Creation
Community
Videos
Private Events
Remove Ads
Sign In
Join for FREE
Feedback
Dark Mode
Quiz Categories
Sports
Geography
Music
Movies
Television
Just For Fun
Miscellaneous
History
Literature
Language
Science
Gaming
Entertainment
Religion
Holiday
For Kids
Quiz Lab
Recent
Popular Today
Quiz Kudos Today
Editor Picks
Curator Picks
Quizzes by...
Day
Popularity
Type
Ratings
Length
Year
Community
Subscriptions
Recent Discussions
Orange Saloon
Badges
Playlists
Quests
Create
Leaderboards
Showdown
Live 5
Trivia Bingo
Activity
Puzzle Library
Sporcle Events
Private Events
Virtual Trivia
Globe League
Become a Host
Pub Owners
SporcleCon
Opinionation
Our Games
Videos
Blog
Mobile Apps
Partnerships
Remove Ads and Go Orange
Feedback
Sports
Athletes
MLB
NBA
NHL
NFL
Soccer
Sports Teams
WWE
NCAA
Football
Premier League
Basketball
Baseball
Hockey
Golf
Tennis
Cricket
Rugby
Auto Racing
Olympics
World Cup
Sports
Athletes
MLB
NBA
NHL
NFL
Soccer
Sports Teams
WWE
NCAA
Football
Premier League
Basketball
Baseball
Hockey
Golf
Tennis
Cricket
Rugby
Auto Racing
Olympics
World Cup
Random Quiz
Search Sporcle
×
Quiz Lab
Quiz Lab
Sports
Basketball
Type in answers that appear in a list
Type in answers that appear in a list
Classic
Best Score? Go Orange.
NBA '16-'17 Top Ten Points by Division Stats
Can you name the NBA '16-'17 Top Ten Points by Division?
By
johndemos
10m
61 Questions
495 Plays
495 Plays
495 Plays
Comments
Comments
Give Quiz Kudos
Give Quiz Kudos
-
- Ratings
hide this ad
Replay
Link that replays current quiz
Next Quiz
Link to next quiz in quiz playlist
You Got
0%
They Got
Avg Score
70%
Avg Friend Score
Upgrade to see
Score Distribution
Jump to the score distribution portion of the page
Score
0/61
Timer
10:00
1
Play Today
Hint
Answer
% Correct
Central
LeBron James
96.6%
Pacific
Stephen Curry
94.3%
Pacific
Klay Thompson
92.7%
Atlantic
Isaiah Thomas
90.9%
Southwest
James Harden
90.9%
Northwest
Russell Westbrook
90.1%
Central
Paul George
88.9%
Atlantic
DeMar DeRozan
87.3%
Atlantic
Carmelo Anthony
87.1%
Pacific
DeMarcus Cousins
87.1%
Southwest
Kawhi Leonard
86.7%
Atlantic
Kyle Lowry
85.7%
Northwest
Damian Lillard
85.3%
Pacific
Chris Paul
84.8%
Central
Kyrie Irving
82.8%
Central
Jimmy Butler
82.8%
Southeast
Bradley Beal
82.6%
Northwest
Nikola Jokic
81.8%
Southwest
Anthony Davis
81.6%
Southwest
LaMarcus Aldridge
80.8%
Southeast
Paul Millsap
80.6%
Southeast
Kemba Walker
80.4%
Atlantic
Brook Lopez
79.6%
Central
Myles Turner
78.8%
Southeast
John Wall
78.8%
Southeast
Goran Dragic
78.4%
Southwest
Marc Gasol
78.2%
Central
Andre Drummond
77.8%
Pacific
Eric Bledsoe
77.8%
Northwest
C.J. McCollum
76.4%
Northwest
Karl-Anthony Towns
76%
Hint
Answer
% Correct
Northwest
Andrew Wiggins
75.8%
Central
Jeff Teague
74.5%
Northwest
Gordon Hayward
74.5%
Pacific
Devin Booker
73.5%
Pacific
Blake Griffin
72.9%
Southeast
Dennis Schroder
71.3%
Central
Kevin Love
70.3%
Central
Giannis Antetokounmpo
67.9%
Southeast
Hassan Whiteside
66.3%
Atlantic
Kristaps Porzingis
65.5%
Atlantic
Jae Crowder
64%
Pacific
Kevin Durant
63.8%
Southeast
Nicolas Batum
60.2%
Central
Tobias Harris
59.8%
Atlantic
Derrick Rose
57.8%
Southwest
Zach Randolph
56.6%
Pacific
J.J. Redick
55.6%
Southwest
Eric Gordon
55.2%
Southwest
Jrue Holiday
52.5%
Atlantic
Jonas Valanciunas
52.3%
Southeast
Tim Hardaway
51.3%
Southwest
Mike Conley
50.5%
Northwest
Rudy Gobert
48.9%
Southwest
Harrison Barnes
48.1%
Atlantic
Dario Saric
46.3%
Pacific
Jordan Clarkson
45.5%
Central
Marcus Morris
39.5%
Southeast
Evan Fournier
38.4%
Northwest
Danilo Gallinari
32.1%
Northwest
Wilson Chandler
31.1%
Quiz Playlist
Details
Report
Send in Message
Add To Playlist
Classic:
Type in answers that appear in a list
Quiz Source
Last Updated: Apr 14, 2017
Quiz Scoreboard
CHALLENGE
Sign Up to Join the Scoreboard
Show All
Scores
Hide
Comments
May contain spoilers
Recently Published
1-10 Letter E Words III
by El_Dandy
Language
2m
Street Fighter Characters
by Artimus82
Gaming
60s
College Basketball Coaching Resumes
by pancakes188
Sports
9m
More to Explore
Quiz From the Vault
Featured Blog Post
Where Did the Easter Bunny Come From?
hide this ad
You Might Also Like...
Tags
Basketball Quiz
NBA Quiz
Division
NBA Player
NBA Points
Today's Top Quizzes in Sports
Browse Sports
hide this ad
Today's Top Quizzes in Basketball
Browse Basketball
Top Contributed Quizzes in Sports
1
2022 World Cup Stars
2
Les meilleurs buteurs des matchs entre le PSG et l’OM
3
FIFA Club World Cup Champions
4
Les entraîneurs de l'OM et du PSG au 21e siècle
5
Criteria MLB: Left Handed Sluggers
6
2023 MLB Unique Player Accomplishments
7
AFC Teams Reveal (Wrong Answers Minefield)
8
Players with Multiple 50 Home Run Seasons
9
5-to-1: FBS Animal Nicknames
10
5-to-1: UK Sports Teams
Explore More
Trending Topics
Anime
Crossword
Kpop
NBA
Disney
Harry Potter
Marvel
Puzzle
Soccer
Country
Pokémon
Song
The Office
NFL
WWE
hide this ad
More By:
johndemos
Quiz
Plays
Rating
Category
Featured
Created
NBA '15-'16 Top Ten All-Star vs Non-All-Star
8,742
4.89
Sports
Jun 15, 2016
NBA '11-'16 Top 20 PPG
5,032
4.88
Sports
Jun 19, 2016
NBA '15-'16 Top 25 Points by Source
3,040
4.70
Sports
Jun 17, 2016
NBA '15-'16 Top Ten Points by Rank on Team
756
5.00
Sports
Jun 18, 2016
NBA Top 25 by Category 2012-2016
725
3.60
Sports
Jun 15, 2016
Go to Creator's Profile
Score Distribution
Quiz Creator Spotlight
johndemos
Follow
Send a Message
Quizzes Created
-
Created Quiz Play Count
-
More By This Creator
Popular Quizzes Today
1
Find the US States - No Outlines Minefield
2
Find the Countries of Europe - No Outlines Minefield
3
The Countries of the World
4
Find the US States
5
Risky Map Clicking: Biggest States A-Z
6
US States
7
Popular People in 1961
8
Movies - When Are They Set?
More Sports Quizzes
Universities with the Most Overall NFL Draft Picks
Curator's Pick
Trending Quizzes
Risky Map Clicking: Least Populous States A-Z
USA Borders Longest to Shortest
1-10 Letter G Words
1-10 Letter F Words
Countries of the World: 200 Million BC
Recently Updated
Leaping Animals
pecheneg
Reality TV Shows (A-Z)
bhenderson79
Rickey Henderson's Hall of Fame Teammates
pecheneg
Champions League XIs: Arsenal
pecheneg
Quick Pick: Celebrities in WWE's Hall of Fame
aduchscher
A-Z Keypad Blitz II
pecheneg
Multiple Oscar Actors
pecheneg
Mystery Phrase Blitz: Oscar 'Best Actors'
pecheneg
F. Scott Fitzgerald Novels
LTH
Pick 3 Villains
ddd62291
Trending Topics
Kpop
Anime
NBA
Marvel
Harry Potter
Disney
Crossword
Country
The Office
Pokémon
NFL
Song
Soccer
WWE
Puzzle
Your Account Isn't Verified!
In order to create a playlist on Sporcle, you need to verify the email address you used during registration. Go to your
Sporcle Settings
to finish the process.
Report this User
Report this user for behavior that violates our
Community Guidelines
.
Details:
Send Report
Go to the Sporcle.com Mobile Site →
Comments